• 首页
  • 本馆介绍
  • 公告通知
  • 最新文献
  • 馆藏检索
  • 电子资源
  • 读者导购
  • 参考咨询
  • 我的图书馆
  • 登录
  • 详细信息显示
  • 放入我的书架
  • 预约/预借图书
  • 作者相关作品
  • 分类相关作品
  • 丛书相关作品
  • 出版社相关作品

书目信息

  • 表格格式
  • 工作单格式
  • 卡片格式
题名:
文字的故事
    
 
作者: 黛丝克莱布 , 黛丝克莱布 著 ;曹雅歌 译
分册:  
出版信息: 成都   四川科学技术出版社  2020.04
页数: 60页
开本: 22cm
丛书名:
单 册:
中图分类: H028-49
科图分类:
主题词: 古文字--gu wen zi--少儿读物
电子资源:
ISBN: 978-7-5364-9600-2
000 01232nam0 2200301 450
001 0109110139
005 20201109110336.0
010    @a978-7-5364-9600-2@b精装@dCNY30.00
100    @a20200822d2020 cemy0chiy50 ea
101 1  @achi@cfre
102    @aCN@b510000
105    @aa z 000yy
106    @ar
200 1  @a文字的故事@Awen zi de gu shi@f(法)纳奥米·黛丝克莱布, (法)希尔薇·黛丝克莱布著@g曹雅歌译
210    @a成都@c四川科学技术出版社@d2020.04
215    @a60页@c图@d22cm
300    @a蒙台梭利科学启蒙书
305    @a本书中文简体版权经由锐拓旗下小锐取得
312    @a封面英文题名:Character
330    @a本书是蒙台梭利科学启蒙书中关于人类文明中文字这个很重要的文明符号和工具,用图文并茂的形式从上古时期的岩画写到古滕堡印刷,并选取古老文明中的代表文字如苏美尔人的楔形文字、古埃及象形文字、中国的表意文字、最早的腓尼基字母等,同时提供9种亲子游戏,帮助孩子了解文字的演进、创造性的发展史和人类智慧。
510 1  @aCharacter@zeng
606 0  @a古文字@Agu wen zi@j少儿读物
690    @aH028-49@v5
701  0 @c(法)@a黛丝克莱布@Adai si ke lai bu@4著
701  0 @c(法)@a黛丝克莱布@Adai si ke lai bu@4著
702  0 @a曹雅歌@Acao ya ge@4译
801  0 @aCN@bBJSZM@c20201103
905    @b1213643-4@dH028-49@e527@f2
    
    文字的故事/(法)纳奥米·黛丝克莱布, (法)希尔薇·黛丝克莱布著/曹雅歌译.-成都:四川科学技术出版社,2020.04
    60页:图;22cm
    蒙台梭利科学启蒙书
    
    ISBN 978-7-5364-9600-2(精装):CNY30.00
    本书是蒙台梭利科学启蒙书中关于人类文明中文字这个很重要的文明符号和工具,用图文并茂的形式从上古时期的岩画写到古滕堡印刷,并选取古老文明中的代表文字如苏美尔人的楔形文字、古埃及象形文字、中国的表意文字、最早的腓尼基字母等,同时提供9种亲子游戏,帮助孩子了解文字的演进、创造性的发展史和人类智慧。
●
相关链接 在E读中查询图书 在五车中查询图书 在当当中查询图书 在豆瓣中查询图书


正题名:文字的故事     索取号:H028-49/527         预约/预借

序号 登录号 条形码 馆藏地/架位号 状态 备注
1 1213643   212136437   第二样本阅览室/ [索取号:H028-49/527] 在馆    
2 1213644   212136446   第四借阅区/ [索取号:H028-49/527] 在馆    
唐山师范学院图书馆 欢迎您!
大连网信软件有限公司© 版权所有